| 000 | 00000nas 2200000za 4500 |
| 001 | 9.848344 |
| 003 | CaOODSP |
| 005 | 20221107153643 |
| 007 | cr ||||||||||| |
| 008 | 171206d19901999quc x p ofrs f0###a0eng|d |
| 040 | |aCaOODSP|beng |
| 043 | |an-cn-qu |
| 086 | 1 |aR72-221E-PDF|zR72-221/1991E-PDF |
| 245 | 00|aQuebec Indian community guide |h[electronic resource]. |
| 260 | |a[Quebec] : |bIndian and Northern Affairs Canada, Quebec Region, |c1990-1999. |
| 310 | |aIrregular |
| 362 | 1 |aBegan with 1990; ceased with 1998. |
| 500 | |aDigitized edition from print [produced by Indigenous and Northern Affairs Canada]. |
| 500 | |aIssued also in French under title : Guide des collectivités indiennes du Québec. |
| 530 | |aAlso issued in print. |
| 692 | 07|2gccst|aAboriginal reserves |
| 692 | 07|2gccst|aCommunity development |
| 692 | 07|2gccst|aSelf government |
| 710 | 1 |aCanada.|bIndian and Northern Affairs Canada. |bQuebec Region. |
| 775 | 08|tGuide des collectivités indiennes du Québec |w(CaOODSP)9.848351 |
| 785 | 00|tQuebec Indian communities guide |w(CaOODSP)9.850554 |